000
00335 a2200169 4500
001
188300
020
_a
978-85-329-0718-9
040
_c
Magnum
100
_a
Arruda, Isabelle
240
1
0
_a
Lina
_l
por
245
1
0
_a
Lina
300
_a
44
362
0
_a
2009
440
1
_a
LĂȘ
697
_a
LITERATURA INFANTO-JUVENIL
942
_c
BK
999
_c
188300
_d
188300